00817nam a22001817a 450000500170000000800410001702000220005808200180008010000720009824500880017026001130025830000110037150000200038265000240040294200070042699900170043395201850045020260505113127.0260505b |||||||| |||| 00| 0 eng d a978-1-119-95242-8 a332.63bCOR-M aCornelius, Peter aChristian Diller aDidier Guennoc aThomas Meyer aMastering Illiquidity:bRisk Management for Portfolios of Limited Partnership Funds aUnited KingdombJohn Wiley & Sons, Ltd, The Atrium, Southern Gate, Chichester, West Sussex, PO19 8SQ, c2013 a288 p. aIncludes index. aFinancial Economics cBK c47513d47513 00w2026-05-051040708Management Science aAUKCbAUKCcMarketing Managementd2026-04-09eAli Book Servicesg1718.00iKA/10221l0o332.63 COR-MpAUKHP0645r2026-05-05 11:33:07yBK